000 00882nam a2200229Ia 4500
003 IN-BaIIA
008 211028s9999 xx 000 0 eng d
020 _a1-4020-1658-1
040 _cIIA Library
080 _a523.9
_bERD
111 _aNATO Advanced Research Workshop
_cHungary
_d2002 Sept. 16-20
_930094
245 0 _aTurbulence, waves and instabilities in the solar plasma
_bproceedings of the NATO Advanced Research Workshop held in Lillafured, Hungary, 16-20 September 2002
_cedited by R. Erdelyi
260 _aDordrecht
_bKluwer Academic
_c2004
300 _axiii, 388p.
490 _aNATO science series: II. mathematics, physics and chemistry; v. 124
650 _aSolar atmosphere
_94799
650 _aSolar corona
650 _aTurbulence
_92672
700 _aErdelyi, R. ed.
_930095
710 _aNATO Advanced Research Workshop
_930096
942 _cBK
999 _c16258
_d16258